| 000 | 00958nmm a2200277 a 4500 | ||
|---|---|---|---|
| 001 | ocm0001221662 | ||
| 003 | TR-IsHL | ||
| 005 | 20201028154737.0 | ||
| 008 | 131219s2009 tu tur | ||
| 007 | cr cn | ||
| 020 | _a9789754838435 | ||
| 035 |
_a1221662 _b(N$T) |
||
| 050 | 0 | 4 |
_aPL56.5 _b.F44 2009 |
| 090 | 0 | 4 |
_aPL56.5 _b.F44 2009 |
| 100 | 1 | _aFedakâr, Selami | |
| 245 | 1 | 0 |
_aÖzbek halk edebiyatı bibliyografyası: (1920-2000) _h[electronic resource] / _cSelami Fedakâr ; Cabbar İşankul |
| 260 |
_aİzmir : _bEge Üniversitesi Yayınları, _c2009 |
||
| 300 | _a200 p. | ||
| 650 | 4 | _aDil ve Edebiyat | |
| 650 | 4 | _aLanguage and Literature | |
| 650 | 0 |
_aÖzbek Edebiyatı _x Bibliyografya |
|
| 650 | 0 |
_aUzbek literature _x Bibliograpy |
|
| 650 | 7 |
_aREFERENCE / Bibliographies & Indexes _2bisacsh |
|
| 700 | 1 | _aİşankul, Cabbar | |
| 856 | 4 | 0 | _uhttp://search.ebscohost.com/login.aspx?direct=true&scope=site&db=e011xww&AN=1221662 |
| 999 |
_c12734 _d12734 |
||